00489nam a2200145Ia 4500008004100000020001500041050001600056100003300072245009300105260003200198300002700230504004200257650001800299650002600317120721s 2002sp a 000 0 spa d a842771375404aRC454bM37 1 aMardomingo, María Jesús.10aPsiquiatría para padres y educadoresb: ciencia y arte c/ María Jesús Mardomingo. aEspañab : Narceac, 2002 a284 p. b: il.c24 cm. aIncluye referencias bibliográficas.10aPSIQUIATRÍA20aENFERMEDADES MENTALES